Connaissances générales : URSS - Statistiques

Statistiques générales
  • Ce quiz a été pris 13 fois
  • Le résultat moyen est 9 sur 23
Statistiques - réponses
% Correct
Pays envahit par l'URSS durant la guerre d'Hiver de 1939 Finlande
85%
Karl Marx
85%
Plus célèbre opposant de Staline, il est assassiné au Mexique en 1940 Leon Trotsky
69%
Petite voiture soviétique exportée en Occident et connue pour sa mauvaise qualité et son bas prix Lada
62%
Philosophes allemands dont les idées sont très populaire en URSS et sur lesquelles se basent la révolution Friedrich Engels
54%
Prénom de Brejnev Leonid
54%
Journal officiel de propagande du parti, fondé par Lénine Pravda
54%
Signification de l'acronyme URSS Union des républiques socialistes soviétiques
54%
Anciennement Stalingrad Volgograd
54%
Les deux volets des réformes de Gorbatchev Perestroika
38%
Glasnost
31%
Nom des jeunesses communistes du parti komsomol
31%
Classe de paysans plus riches accusée de freiner la collectivisation et victime de répression sous Staline Koulaks
31%
Il signe le pacte de non-agression de 1939 avec l'allemand Ribbentrop Molotov
31%
Chef du NKVD durant la grande terreur, on le sunomme "le nain sanglant" Iejov
23%
Khrouchtchev lance une campagne de production de masse de cet aliment en 1955 maïs
23%
Politique économique de 1921 à 1928 durant laquelles l'URSS retourne temporairement à une économie de marché NEP
23%
Leader de l'URSS à avoir regné le moins longtemps Tchernenko
23%
Ouvrier du Donbass (Ukraine) qui extrait 14x le quota d'un mineur de charbon pour une journée Stakhanov
15%
Première police politique soviétique, fondée par Félix "de fer" Dzerjinski Tchéka
15%
Svetlana
8%
Première femme à aller dans l'espace Tereshkova
8%
Prénoms des enfants de Staline Vassily
8%
Aucun quiz correspondant
Distribution des résultats
% des personnes avec chaque résultat
Percentile par nombre de réponses
Votre historique - résultats
Vous n’avez pas pris ce quiz